[Event "Sparkasse op"]
[Site "Dortmund"]
[Date "1998.??.??"]
[Round "?"]
[White "Wegener, Olaf"]
[Black "Cieza Vega, Arcadio"]
[Result "1/2-1/2"]
[WhiteElo "2175"]
[BlackElo "2450"]

1.e4 c6 2.d4 d6 3.Nc3 Nf6 4.Be3 Ng4 5.Bd2 e5 6.Be2 Nxf2 7.Kxf2 exd4 8.Nb1 Qh4+
9.g3 Qxe4 10.Bf3 Qf5 11.Ne2 Qc5 12.b4 Qb6 13.Re1 Be7 14.Kg2 O-O 15.Nf4 Bf6
16.c3 Bf5 17.cxd4 Qxd4 18.Bc3 Qxd1 19.Rxd1 Be5 20.Nd3 Bxc3 21.Nxc3 Nd7 22.Ne4 Bxe4
23.Bxe4 a6 24.a4 Nb6 25.Bf3 Nc4 26.Kf2 Rfe8 27.Re1 Rxe1 28.Rxe1 Kf8 29.Rc1 Ne5
30.Nxe5 dxe5 31.b5 axb5 32.axb5 f5 33.bxc6 bxc6 34.Rxc6 Ra2+ 35.Be2 Ke7 36.Rc7+ Kf6
37.Rc6+ Ke7 38.Rc7+ Kf6  1/2-1/2

[Event "Dresden zt (Women)"]
[Site "Dresden"]
[Date "1998.??.??"]
[Round "2"]
[White "Werner, Isabel"]
[Black "Klinova, Masha"]
[Result "0-1"]
[WhiteElo "2215"]
[BlackElo "2355"]

1.e4 d6 2.d4 Nf6 3.Nc3 c6 4.Be3 Nbd7 5.f4 e5 6.h3 Be7 7.Qd2 Nh5 8.Nf3 Bh4+
9.Kd1 exf4 10.Bxf4 Nxf4 11.Qxf4 Be7 12.Bc4 O-O 13.Ke2 b5 14.Bb3 b4 15.Nb1 a5
16.Nbd2 Nb6 17.a4 bxa3 18.Rxa3 d5 19.Raa1 a4 20.Ba2 c5 21.e5 cxd4 22.Rhe1 Ba6+
23.Kf2 d3 24.c3 Bc5+ 25.Kg3 Qc7 26.Nd4 Rae8 27.b4 Be7 28.Rac1 Bc4 29.Bb1 a3
30.Nxc4 dxc4 31.Ba2 h6 32.Rcd1 Bg5 33.Qe4 Kh8 34.Nb5 Qb8 35.Nd6 Re7 36.Nxc4 Nxc4
37.Bxc4 d2 38.Re2 Rfe8 39.Bd3 g6 40.Qd4 Kg8 41.Kf2 Rxe5 42.Rxe5 Rxe5 43.Be4 Re7
44.g3 Qe8 45.Kf3 Qa4 46.Ra1 Rd7 47.Bd5 Qc2 48.g4 Rxd5  0-1

[Event "Dresden zt (Women)"]
[Site "Dresden"]
[Date "1998.??.??"]
[Round "6"]
[White "Lematschko, Tatjana"]
[Black "Klinova, Masha"]
[Result "1/2-1/2"]
[WhiteElo "2275"]
[BlackElo "2355"]

1.e4 d6 2.d4 Nf6 3.Nc3 c6 4.Nf3 Bg4 5.Be2 e6 6.h3 Bh5 7.O-O Be7 8.e5 dxe5
9.dxe5 Qxd1 10.Rxd1 Nfd7 11.Bf4 Bg6 12.Rd2 Nb6 13.Rad1 N8d7 14.a3 O-O-O 15.b4 Nb8
16.Ng5 Rxd2 17.Rxd2 Rd8 18.Nge4 Rxd2 19.Bxd2 Nd5 20.Bd3 Nd7 21.f4 b5 22.Ne2 N7b6
23.Nd4 Kd7 24.Nb3 Na4 25.Kf2 Nb2 26.Nec5+ Kc7 27.Ke2 Nxd3 28.cxd3 Nb6 29.g4 h5
30.Kf3 hxg4+ 31.hxg4 Na4 32.Ne4 Bxe4+ 33.Kxe4 c5 34.f5 a6 35.Na1 Nb6 36.Nc2 Nd5
37.Be1 g6 38.Bd2 gxf5+ 39.gxf5 Kc6 40.f6 Bf8 41.bxc5 Bxc5 42.Ba5 Kd7 43.d4 Bf8
44.Kd3 Bh6 45.Bb4 Bc1  1/2-1/2

[Event "BUL-ch"]
[Site "Dupnica"]
[Date "1998.??.??"]
[Round "1"]
[White "Georgiev, Krum"]
[Black "Todorov, Todor"]
[Result "0-1"]
[WhiteElo "2525"]
[BlackElo "2405"]

1.e4 d6 2.d4 Nf6 3.Nc3 c6 4.f3 g6 5.Be3 Bg7 6.h4 b5 7.g4 Nbd7 8.h5 Qa5 9.Qd2 Nb6
10.e5 dxe5 11.h6 Bf8 12.dxe5 b4 13.Nb5 Nfd5 14.Nd4 Nxe3 15.Qxe3 Nd5 16.Qd2 e6
17.Bc4 Bb7 18.O-O-O Rd8 19.Nh3 Be7 20.Qe2 Nc3 21.bxc3 Qa3+ 22.Kd2 Qxc3+ 23.Kc1 Qa1+
24.Kd2 Rxd4+  0-1

[Event "Centrocoop June op-A"]
[Site "Eforie Nord "]
[Date "1998.??.??"]
[Round "?"]
[White "Chukhrova, Natalia"]
[Black "Covlea, Vlad"]
[Result "0-1"]
[WhiteElo "2000"]
[BlackElo "2225"]

1.e4 d6 2.d4 Nf6 3.Nc3 c6 4.Nf3 Bg4 5.Be2 Nbd7 6.O-O e5 7.Be3 Be7 8.h3 Bh5
9.Re1 O-O 10.a3 Re8 11.Nd2 Bxe2 12.Rxe2 Qc7 13.dxe5 dxe5 14.Nf1 Rad8 15.Rd2 Nc5
16.Qf3 Rxd2 17.Bxd2 Ne6 18.Ne2 Qb6 19.b4 Rd8 20.Be3 Qa6 21.c3 Nxe4 22.Qxe4 Qxe2
23.Rc1 Bf6 24.a4 a6 25.Ng3 Qd3 26.Qg4 Qg6 27.Qc4 Bg5 28.Bxg5 Qxg5 29.Re1 Nf4
30.b5 axb5 31.axb5 h5 32.Qe4 f6 33.bxc6 bxc6 34.h4 Qxh4 35.Qxc6 Qg5 36.Qc7 Rf8
37.Qc4+ Kh8 38.Qf1 Rc8 39.Ne4 Qg6 40.Re3 Rb8 41.Kh2 Rb1  0-1

[Event "Centrocoop June op-B"]
[Site "Eforie Nord"]
[Date "1998.??.??"]
[Round "?"]
[White "Cretu, M."]
[Black "Gutsu, S."]
[Result "1-0"]
[WhiteElo "1770"]
[BlackElo "1650"]

1.e4 d6 2.d4 Nf6 3.Nc3 c6 4.h3 b5 5.Bd3 e5 6.dxe5 dxe5 7.Nf3 Nbd7 8.O-O Be7
9.b3 O-O 10.Bb2 Re8 11.a4 b4 12.Ne2 Bf8 13.Ng3 a5 14.Qe2 Qc7 15.Rad1 Nc5
16.Bc4 Bb7 17.Ng5 Ne6 18.Nxe6 fxe6 19.Rd2 Nd7 20.Qg4 Nc5 21.f4 exf4 22.Nh5 Kh8
23.Rxf4 Ba6 24.Rxf8+  1-0

[Event "Centrocoop June op-B"]
[Site "Eforie Nord"]
[Date "1998.??.??"]
[Round "?"]
[White "Susterman, Bela"]
[Black "Gutsu, S."]
[Result "1-0"]
[WhiteElo "2015"]
[BlackElo "1650"]

1.e4 d6 2.d4 Nf6 3.Nc3 c6 4.a4 e5 5.dxe5 dxe5 6.Qxd8+ Kxd8 7.Bc4 Be6 8.Bxe6 fxe6
9.Nf3 Nbd7 10.Ng5 Ke7 11.f3 h6 12.Nh3 Kf7 13.Bd2 Bb4 14.O-O-O a6 15.Na2 Bxd2+
16.Rxd2 b5 17.a5 c5 18.Rhd1 Ke7 19.Nf2 Rad8 20.Nd3 g5 21.Nc3 Nh5 22.g3 Ndf6
23.b3 Rc8 24.Ne1 Rhd8 25.Rxd8 Rxd8 26.Rxd8 Kxd8 27.Nd3 Nd7 28.Nd1 Kc7 29.Ne3 Nhf6
30.c3 Kd6 31.Kc2 Ng8 32.Nf2 Nb8 33.Nd3 Nc6 34.b4 cxb4 35.Nxb4 Nxb4+ 36.cxb4 h5
37.Ng2 Ne7 38.Kc3 Nc6 39.Ne1 Nd4 40.Kd3 Ke7 41.Ke3 Kf6  1-0

[Event "Centrocoop June op-B"]
[Site "Eforie Nord"]
[Date "1998.??.??"]
[Round "?"]
[White "Florea, Dan"]
[Black "Zhadko, Vladimir"]
[Result "0-1"]
[WhiteElo "1730"]
[BlackElo "2150"]

1.e4 d6 2.d4 Nf6 3.Nc3 e5 4.dxe5 dxe5 5.Qxd8+ Kxd8 6.Nf3 Bd6 7.Bc4 Be6 8.Bxe6 fxe6
9.O-O Ke7 10.Re1 Rg8 11.Be3 h6 12.Rad1 Nbd7 13.a3 g5 14.h3 g4 15.hxg4 Nxg4
16.b4 a5 17.Nb5 axb4 18.Nxd6 cxd6 19.axb4 Rgc8 20.Rc1 b5 21.Nh2 Nxe3 22.Rxe3 Nf6
23.f3 Ra2 24.c3 Nh5 25.Nf1 Nf4 26.Kh1 Rxg2 27.Ra1 Rcg8 28.Nh2 R8g3 29.Ra7+ Kf6  0-1

[Event "Centrocoop Sept op-A"]
[Site "Eforie Nord"]
[Date "1998.??.??"]
[Round "?"]
[White "Sebe, Razvan"]
[Black "Smida, Josif"]
[Result "1-0"]
[WhiteElo "2120"]
[BlackElo "2215"]

1.e4 d6 2.d4 Nf6 3.Nc3 c6 4.Nf3 Bg4 5.Be2 Qc7 6.h3 Bxf3 7.Bxf3 e5 8.Be3 Nbd7
9.O-O Be7 10.a4 a5 11.Be2 Nf8 12.Bc4 Ng6 13.f3 O-O 14.Ne2 Rad8 15.c3 d5 16.exd5 Nxd5
17.Bf2 Bg5 18.Bxd5 Rxd5 19.Qb3 exd4 20.Nxd4 Bf6 21.Rad1 Rg5 22.Ne2 Re8 23.Rfe1 Qc8
24.Ng3 Rxe1+ 25.Rxe1 Be5 26.Ne4 Rxg2+ 27.Kxg2 Nf4+ 28.Kg1 Nxh3+ 29.Kf1 Qf5
30.Qd1 h5 31.Bg3 Bxg3 32.Nxg3 Qg5 33.Re8+ Kh7 34.Qd3+ g6 35.Ne2 Qf6 36.Ke1 c5
37.Kd2 Nf2 38.Qd5 h4 39.Qe5 Qxe5 40.Rxe5 b6 41.Re7 Kg7 42.Rb7 h3 43.Ng3 h2
44.Ke2 h1=Q 45.Nxh1 Nxh1 46.Rxb6 Ng3+ 47.Kd3 Nf5 48.Rb5 c4+ 49.Kxc4 Nh4 50.f4 Ng2
51.f5 Ne3+ 52.Kd3 Nxf5 53.Rxf5 gxf5 54.b4  1-0

[Event "Centrocoop June op-B"]
[Site "Eforie Nord"]
[Date "1998.??.??"]
[Round "?"]
[White "Pasc, Cristina"]
[Black "Gutsu, S."]
[Result "0-1"]
[WhiteElo "2050"]
[BlackElo "1650"]

1.e4 d6 2.d4 Nf6 3.Nc3 c6 4.f4 g6 5.Nf3 Bg7 6.Bd3 Bg4 7.Be3 e5 8.dxe5 dxe5
9.fxe5 Nfd7 10.e6 Bxe6 11.Ng5 Qe7 12.Qe2 Ne5 13.Nxe6 Qxe6 14.O-O Nbd7 15.h3 O-O
16.Qf2 Nc4 17.Bxa7 Nxb2 18.Bd4 Nxd3 19.cxd3 Ne5 20.Rfd1 Rfd8 21.Bxe5 Qxe5
22.Rac1 Ra3 23.Ne2 Raxd3 24.Rf1 Rf8 25.Qf4 Qxf4 26.Nxf4 Ra3 27.Rc2 Rfa8 28.Rb1 Bd4+
29.Kh1 Be5  0-1

[Event "Centrocoop June op-B"]
[Site "Eforie Nord"]
[Date "1998.??.??"]
[Round "?"]
[White "Codirlasu, Alina"]
[Black "Gutsu, S."]
[Result "1-0"]
[WhiteElo "2050"]
[BlackElo "1650"]

1.e4 d6 2.d4 Nf6 3.Nc3 c6 4.f4 g6 5.Nf3 Bg4 6.Bd3 Bg7 7.Be3 e5 8.Qd2 Bxf3
9.gxf3 Ng4 10.fxg4 exd4 11.Bxd4 Bxd4 12.O-O-O Qa5 13.Bc4 Bxc3 14.bxc3 O-O
15.f5 b5 16.Bb3 b4 17.cxb4 Qe5 18.Qxd6 Qxe4 19.fxg6 Qxg6 20.Rhf1 Na6 21.Qxg6+ hxg6
22.Rd6 Kg7 23.Rxc6 Nxb4 24.Rc7 Kh6 25.Rfxf7 Rxf7 26.Rxf7 Kg5 27.Rc7 a5 28.a3 Na6
29.Rc6 Kxg4 30.Rxg6+ Kf4  1-0

[Event "Capablanca mem"]
[Site "Fortaleza"]
[Date "1998.??.??"]
[Round "4"]
[White "Martins, George"]
[Black "Asfora, Marco"]
[Result "0-1"]
[WhiteElo "2310"]
[BlackElo "2280"]

1.e4 d6 2.d4 Nf6 3.Nc3 Nbd7 4.Nf3 g6 5.Bc4 Nb6 6.Be2 Bg7 7.O-O O-O 8.Be3 c6
9.a4 d5 10.e5 Ne8 11.Nd2 a5 12.f4 f5 13.Bf2 e6 14.Nf3 Nc7 15.Bh4 Qe8 16.Nd2 Nd7
17.Nb3 b6 18.Bf3 Bb7 19.Ne2 Ba6 20.Rf2 Bxe2 21.Qxe2 Nb8 22.c3 Nba6 23.g4 Qd7
24.Kh1 fxg4 25.Bxg4 Rf7 26.Nd2 Raf8 27.Bg3 Bh6 28.Raf1 c5 29.b3 cxd4 30.cxd4 Nb4
31.Nb1 Nc6 32.Qe3 Ne7 33.Nc3 Nf5 34.Qd3 Rb8 35.Be2 Bf8 36.Rf3 Bb4 37.Be1 Bxc3
38.Bxc3 b5 39.axb5 Nxb5 40.Bb2 Qa7 41.Rd1 a4 42.Ra1 a3 43.Rff1 Nfxd4 44.Bxd4 Nxd4
45.Bd1 Nf5 46.Bg4 Qc5  0-1

[Event "Pyramiden Franken Cup"]
[Site "Fuerth"]
[Date "1998.??.??"]
[Round "4"]
[White "Slobodjan, Roman"]
[Black "Oratovsky, Michael"]
[Result "0-1"]
[WhiteElo "2575"]
[BlackElo "2465"]

1.e4 d6 2.d4 Nf6 3.Nc3 Nbd7 4.Nf3 e5 5.Bc4 Be7 6.O-O O-O 7.Re1 c6 8.a4 exd4
9.Nxd4 Nc5 10.Ba2 a5 11.Qf3 Qb6 12.Nb3 Nxb3 13.Bxb3 Be6 14.Be3 Qc7 15.Ba2 Bxa2
16.Rxa2 Nd7 17.Qe2 Bf6 18.Qc4 Rfe8 19.f3 Be5 20.g3 d5 21.exd5 Bxg3 22.Re2 Bxh2+
23.Kf1 Ne5 24.Qe4 f5 25.Qxf5 Nxf3 26.Bf2 Rf8 27.Qe6+ Kh8 28.Qh3 cxd5 29.Nxd5 Qc4
30.Ne7 Rae8 31.b3 Qf7 32.Qe6 Qxe6 33.Rxe6 Ng5 34.Re2 Bd6 35.Nd5 Ne4 36.Kg2 Nxf2
37.Rxe8 Rxe8 38.Kxf2 Re5 39.c4 Bc5+ 40.Kf3 g6 41.Rd2 b6 42.Nf4 Re3+ 43.Kg4 h5+
44.Kg5 Kg7  0-1

[Event "Pyramiden Franken Cup"]
[Site "Fuerth"]
[Date "1998.??.??"]
[Round "9"]
[White "Schwalbe, Gerhard"]
[Black "Vatter, Hans Joachim"]
[Result "1/2-1/2"]
[WhiteElo "2145"]
[BlackElo "2385"]

1.d4 d6 2.e4 Nf6 3.Nc3 Nbd7 4.Nf3 e5 5.Be2 Be7 6.h3 O-O 7.Be3 c6 8.dxe5 dxe5
9.O-O Bb4 10.Qd3 Qc7 11.Rfd1 Re8 12.Nb1 a5 13.c3 Bc5 14.Nbd2 b6 15.Bxc5 Nxc5
16.Qe3 h6 17.Nh2 Be6 18.Nhf1 Rad8 19.Ng3 Bc8 20.Nc4 a4 21.Rxd8 Rxd8 22.b4 axb3
23.axb3 Nxb3 24.Rb1 b5 25.Rxb3 Be6 26.Rb4 bxc4 27.Qb6 Qxb6 28.Rxb6 Rd2 29.Rxc6 Nxe4
30.Nxe4 Rxe2 31.Nd6 Re1+ 32.Kh2 Rf1 33.f3 Rc1 34.Nxc4 Rxc3 35.Nxe5 Re3 36.Rc5 h5
37.h4 g6 38.Kg3 Kg7 39.Kf4 Ra3 40.Kg3 f6 41.Nc6 Rd3 42.Nb4 Rd2 43.Nc2  1/2-1/2

[Event "BCF-chT2 97/98"]
[Site "GBR"]
[Date "1998.??.??"]
[Round "1"]
[White "Grossett, Duncan"]
[Black "Flower, David"]
[Result "1/2-1/2"]
[WhiteElo "1910"]
[BlackElo "2075"]

1.d4 d6 2.e4 Nf6 3.Nc3 e5 4.Nf3 Nbd7 5.Be2 Be7 6.O-O O-O 7.h3 c6 8.a4 b6
9.Be3 a6 10.Qd2 Bb7 11.Rad1 b5 12.dxe5 dxe5 13.Qe1 Qc7 14.Nd2 Bc5 15.Bg5 h6
16.Bh4 Rfe8 17.Kh1 Re6 18.Bg3 Bd6 19.Ra1 Ree8 20.Bf3 Rad8 21.Nd1 Bf8 22.Ne3 Nc5
23.axb5 cxb5 24.Bh4 g5 25.Bg3 Ne6 26.c3 Nf4 27.Bxf4 exf4 28.Ng4 Nxg4 29.Bxg4 Qc5
30.Bf5 Qxf5 31.exf5 Rxe1 32.Rfxe1 Rxd2 33.f3 Kg7 34.Re8 Rxb2 35.f6+ Kxf6
36.Rxf8 Rb3 37.Rb8 Bd5 38.Rb6+ Be6 39.Raxa6 Rxc3 40.Rxb5 Rc1+ 41.Kh2 Rc2
42.Rab6 Ra2 43.Kg1 Rc2 44.Rb2 Rc8 45.Kf2 Kg7 46.Rd6 Rc1 47.h4  1/2-1/2

[Event "BCF-chT2 97/98"]
[Site "GBR"]
[Date "1998.??.??"]
[Round "5"]
[White "Bimbatti, Gian C"]
[Black "Flower, David"]
[Result "0-1"]
[WhiteElo "1805"]
[BlackElo "2075"]

1.e4 d6 2.d4 Nf6 3.Nc3 e5 4.Nf3 Nbd7 5.Be2 Be7 6.O-O O-O 7.h3 c6 8.a4 b6
9.Re1 a6 10.Be3 Bb7 11.dxe5 dxe5 12.Bd3 Bb4 13.Qe2 Qc7 14.Red1 b5 15.Nd2 Bc5
16.Nb3 Bxe3 17.Qxe3 c5 18.Nd2 c4 19.Be2 Bc6 20.Na2 Rfd8 21.Nb4 Bb7 22.f3 Qc5
23.Qxc5 Nxc5 24.axb5 axb5 25.Nf1 Kf8 26.Kf2 Rxd1 27.Rxd1 Ra4 28.c3 Ke8 29.Nd2 Ra5
30.Ke3 Nfd7 31.Nf1 Ke7 32.Ng3 g6 33.h4 Ke6 34.h5 f5 35.f4 Nxe4 36.Nxe4 Bxe4
37.hxg6 hxg6 38.g4 exf4+ 39.Kxf4 Nc5 40.gxf5+ gxf5 41.Bf3 Ra4 42.Bxe4 fxe4
43.Ke3 Nd3 44.Nxd3 exd3 45.Kd4 Ra2 46.Rd2 Kd6 47.Rh2 Kc6 48.Rg2 Kb6 49.Rh2 Ka5
50.Kc5 Ka4 51.Rg2 Kb3 52.Kxb5 Rxb2  0-1

[Event "BCF-chT2 97/98"]
[Site "GBR"]
[Date "1998.??.??"]
[Round "7"]
[White "Moskovic, David M"]
[Black "Williams, Leighton"]
[Result "1-0"]
[WhiteElo "2220"]
[BlackElo "2240"]

1.e4 d6 2.Nc3 Nf6 3.d4 Nbd7 4.Be3 e5 5.Be2 Be7 6.g4 exd4 7.Qxd4 Nc5 8.g5 Ne6
9.Qd2 Nd7 10.h4 c6 11.Nf3 b5 12.Nd4 Nxd4 13.Qxd4 Rg8 14.a4 b4 15.Qxb4 Rb8
16.Qa3 Qa5 17.Qa2 Ne5 18.Bd2 Qb6 19.b3 Ng4 20.Rf1 Nh2 21.Rg1 Ba6 22.a5 Qb7
23.Bf4 Bxe2 24.Kxe2 Qa6+ 25.Ke3 d5 26.Bxh2 d4+ 27.Kf3 Rd8 28.Nd1 f5 29.e5 Qb5
30.b4 Kf8 31.Nb2 d3 32.Qc4 Qb7 33.a6 Qa8 34.Nxd3 c5+ 35.Ke2 f4 36.e6 Rd6
37.bxc5 Rc6 38.Qb5 Qc8 39.Ne5  1-0

[Event "BCF-chT2 97/98"]
[Site "GBR"]
[Date "1998.??.??"]
[Round "10"]
[White "Dilleigh, Steven"]
[Black "Wade, Robert Graham"]
[Result "1/2-1/2"]
[WhiteElo "2000"]
[BlackElo "2220"]

1.d4 d6 2.e4 Nf6 3.Nc3 c6 4.Nf3 Bg4 5.Be2 Nbd7 6.O-O e5 7.Be3 Be7 8.h3 Bh5
9.dxe5 dxe5 10.Nd2 Bg6 11.Bf3 O-O 12.Qe2 Qc7 13.Rfd1 Bc5 14.Nb3 Bb4 15.Bd2 a5
16.a3 Be7 17.a4 Nc5 18.Nxc5 Bxc5 19.Na2 Rfd8 20.Nc1 Bd4 21.c3 Bb6 22.Nb3 Nd7
23.Be3 Nf8 24.Nc5 Bxc5 25.Bxc5 Ne6 26.Be3 h6 27.Rxd8+ Rxd8 28.Rd1 Rxd1+ 29.Qxd1 Ng5
30.Bxg5 hxg5 31.Qd2 f6 32.Qe3 Bf7 33.Bd1 Qd6 34.Bc2 c5 35.Qe2 c4 36.Qd1 Qb6
37.Qc1 Be6 38.Bd1 Qc6 39.Qc2 Qd7 40.Be2 g6 41.Qd1 Qc7 42.Bf3 Kf8 43.Kf1 Ke7
44.Be2 Qc6 45.Qc2 Kd6 46.Qd2+ Kc7 47.Qc2 f5 48.Bf3 f4 49.Be2 Bd7 50.Bd1 b6
51.Ke1 b5 52.axb5 Qxb5 53.Be2 Bc6 54.Bg4 Qb3 55.Bd1 Qa2 56.Kd2 a4 57.Bf3 a3
58.bxa3 Qxa3 59.Bd1 Qa1 60.f3 Qa7 61.Kc1 Qa1+ 62.Kd2 Bb5 63.Ke1 Qa7 64.Qf2 Qa6
65.Qc2 Kd6 66.Qd2+ Ke7 67.Qc2 Kf7 68.Kf1 Kg7 69.Ke1 Qa1 70.Kf1 Be8 71.Ke1 Bf7
72.Kf1  1/2-1/2

[Event "BCF-chT2 97/98"]
[Site "GBR"]
[Date "1998.??.??"]
[Round "10"]
[White "Gilfillan, Andrew"]
[Black "Tucker, Alex"]
[Result "0-1"]
[WhiteElo "2095"]
[BlackElo "2210"]

1.e4 d6 2.d4 Nf6 3.Nc3 e5 4.Nf3 Nbd7 5.Bc4 Be7 6.h3 O-O 7.Be3 c6 8.Bb3 b5
9.a3 Bb7 10.Qe2 a5 11.d5 b4 12.dxc6 Bxc6 13.Nd5 bxa3 14.Rxa3 a4 15.Ba2 Nxe4
16.O-O Nef6 17.Nb4 Bb7 18.Qb5 Qc7 19.Rxa4 Rab8 20.Qe2 Nc5 21.Bxc5 Qxc5 22.c3 Nd5
23.Nd3 Qc6 24.Rg4 Nf6 25.Nb4 Qb6 26.Rg3 Kh8 27.Ng5 d5 28.Rf3 e4 29.Rf5 Bxb4
30.cxb4 Ba6 31.Qd2 Bxf1 32.Kxf1 Qa6+ 33.Kg1 Qxa2 34.Qf4 Qa1+ 35.Kh2 Qxb2
36.Qh4 h6  0-1

[Event "BCF-chT2 97/98"]
[Site "GBR"]
[Date "1998.??.??"]
[Round "11"]
[White "Gilbert, Jonathan A"]
[Black "Wade, Robert Graham"]
[Result "1/2-1/2"]
[WhiteElo "2105"]
[BlackElo "2220"]

1.e4 d6 2.d4 Nf6 3.Nc3 c6 4.f4 Qa5 5.Bd3 e5 6.Nf3 Nbd7 7.Bd2 exd4 8.Nb5 Qb6
9.Nbxd4 Nc5 10.Qe2 Be7 11.O-O-O Bg4 12.e5 dxe5 13.fxe5 Nd5 14.h3 Bxf3 15.Qxf3 Nxd3+
16.Qxd3 O-O-O 17.Nf5 Bc5 18.Qg3 g6 19.Nh6 Ne3 20.Nxf7 Nf5 21.Qb3 Qxb3 22.axb3 Rhe8
23.Nxd8 Rxd8 24.Bg5 Re8 25.Rhe1 h6 26.Bf6 Ne3 27.Rd2 Nd5 28.Rde2 Nf4 29.Re4 g5
30.b4 Bb6 31.c4 Nd3+ 32.Kd2 Nxe1 33.Kxe1 Bd8 34.Bxd8 Kxd8 35.Ke2 Ke7 36.Ke3 Rf8
37.h4 Ke6 38.hxg5 hxg5 39.g4 Rf1 40.Kd2 Rf2+  1/2-1/2

[Event "Oberliga Sued W9798"]
[Site "GER"]
[Date "1998.??.??"]
[Round "?"]
[White "Spiegel, Stefan"]
[Black "Parulava, Temur"]
[Result "0-1"]
[WhiteElo "2275"]
[BlackElo "2275"]

1.e4 d6 2.d4 Nf6 3.Nc3 c6 4.a4 Nbd7 5.Nge2 e5 6.g3 Be7 7.Bg2 O-O 8.O-O b6
9.h3 Rb8 10.Be3 a6 11.f4 Qc7 12.g4 b5 13.axb5 axb5 14.Ng3 exd4 15.Bxd4 b4
16.Nce2 c5 17.Be3 Nb6 18.g5 Ne8 19.b3 f6 20.Nf5 d5 21.Nxe7+ Qxe7 22.gxf6 Nxf6
23.e5 Ne4 24.Bxe4 dxe4 25.Qd6 Qxd6 26.exd6 Bxh3 27.Rf2 Nd7 28.Ng3 g6 29.Ra7 Ra8
30.Rxd7 Bxd7 31.Nxe4 Rae8 32.Nxc5 Rxe3 33.Nxd7 Rd8 34.Nf6+ Kg7 35.Nd5 Re4
36.Kg2 Rxd6 37.Kf3 Rd4 38.Ne3 h5 39.Nc4 Re6 40.Kg3 Kf6 41.Nb2 Re3+ 42.Kg2 Kf5
43.Nd3 Rdxd3  0-1

[Event "NRW-Liga II 9899"]
[Site "GER"]
[Date "1998.??.??"]
[Round "2"]
[White "Van Haastert, Edwin"]
[Black "Odendahl, Reiner"]
[Result "1/2-1/2"]
[WhiteElo "2335"]
[BlackElo "2325"]

1.e4 d6 2.d4 Nf6 3.Nc3 e5 4.dxe5 dxe5 5.Qxd8+ Kxd8 6.Bc4 Be6 7.Bxe6 fxe6
8.f3 Bd6 9.Nh3 Nc6 10.Be3 a6 11.O-O-O Ke7 12.Rd2 h6 13.Rhd1 Bb4 14.Rd3 Rhd8
15.Na4 Rxd3 16.Rxd3 Nd7 17.Nf2 Bd6 18.Rd1 Nd4 19.Rd2 b5 20.Nc3 c5 21.Ncd1 c4
22.h3 Nc6 23.Ng4 Nf8 24.Nc3  1/2-1/2

[Event "NRW-Liga II 9899"]
[Site "GER"]
[Date "1998.??.??"]
[Round "4"]
[White "Rott, Georg"]
[Black "Hogenacker, Jacques"]
[Result "1-0"]
[WhiteElo "2200"]
[BlackElo "2305"]

1.e4 d6 2.d4 Nf6 3.Nc3 Nbd7 4.f4 e5 5.Nf3 c6 6.dxe5 dxe5 7.fxe5 Ng4 8.e6 fxe6
9.Bc4 Nde5 10.Qxd8+ Kxd8 11.Nxe5 Nxe5 12.Be2 Bd6 13.Be3 Ke7 14.Bg5+ Ke8 15.Bh5+ g6
16.Be2 Nf7 17.Bf6 Rf8 18.O-O Be5 19.Bh4 Nd6 20.Rxf8+ Kxf8 21.Rf1+ Kg7 22.Be7 Nf7
23.Nd1 Bd7 24.c3 Re8 25.Bh4 Nd6 26.Bd3 h5 27.Bf2 b6 28.b4 Nb5 29.c4 Nd4 30.c5 b5
31.Be3 a5 32.bxa5 Ra8 33.Bb1 Rxa5 34.Nf2 Ra3 35.Nd3 Be8 36.Kf2 Bf6 37.e5 Bh4+
38.g3 Nf5 39.gxh4 Nxh4 40.Bc1 Ra4 41.h3 Nf5 42.a3 Rc4 43.Bd2 g5 44.Bxg5 Nd4
45.Be3 Bg6 46.Nf4 Bxb1 47.Bxd4 Bf5 48.Ke3 h4 49.Nd3 Ra4 50.Bb2 Re4+ 51.Kd2 Bxh3
52.Rf4 Rxf4 53.Nxf4 Bf5 54.Bd4 Kh6 55.Be3 Kg5 56.Nxe6+ Kg4 57.Nd4 h3 58.Bg1 Kg3
59.Nxf5+ Kg2 60.Ke2 Kxg1 61.Kf3  1-0

[Event "Oberliga Ost B9798"]
[Site "Germany"]
[Date "1998.??.??"]
[Round "?.7"]
[White "August, Christian"]
[Black "Eilers, Stefan"]
[Result "1/2-1/2"]
[WhiteElo "2145"]
[BlackElo "2320"]

1.e4 d6 2.d4 Nf6 3.Nc3 Nbd7 4.Nf3 e5 5.Bc4 Be7 6.O-O O-O 7.Re1 c6 8.a4 b6
9.Bg5 Qc7 10.d5 Bb7 11.dxc6 Bxc6 12.Qe2 Nc5 13.Bxf6 Bxf6 14.Nd5 Bxd5 15.Bxd5 Rac8
16.c3 Ne6 17.g3 Qd7 18.Qb5 Qe7 19.Qe2 Rc5 20.Nd2 Rb8 21.Nb3 Rc7 22.Nc1 Qd7
23.Nd3 a5 24.Nc1 g6 25.Bc4 h5 26.Bb5 Qe7 27.Nb3 Bg7 28.Nd2 Ng5 29.h4 Ne6
30.Nc4 Rcc8 31.Rad1 Rd8 32.Ne3 Nc5 33.Nd5 Qe6 34.Kg2 Kh7 35.Bc4 Qe8 36.Bb5 Qe6
37.Bc4  1/2-1/2

[Event "BL2-S9798"]
[Site "Germany"]
[Date "1998.??.??"]
[Round "?.5"]
[White "Mahdi, Khaled"]
[Black "Hauke, Christian"]
[Result "1-0"]
[WhiteElo "2400"]
[BlackElo "2210"]

1.e4 d6 2.d4 Nf6 3.Nc3 Nbd7 4.Nf3 e5 5.Bc4 Be7 6.O-O O-O 7.a4 c6 8.Ba2 b6
9.Re1 a6 10.h3 Rb8 11.Be3 b5 12.axb5 axb5 13.Nd2 Nb6 14.Ne2 Na4 15.Bb3 Be6
16.Qc1 Qd7 17.Bxe6 fxe6 18.dxe5 dxe5 19.b3 Nc5 20.Ng3 Qc7 21.Qd1 Ra8 22.Qe2 Na6
23.Nf3 h6 24.Rec1 Nc5 25.Bd2 Rfb8 26.Qe1 Ncd7 27.Ba5 Qb7 28.Bc3 Qc7 29.Rxa8 Rxa8
30.Ra1 Rc8 31.Ra6 Bc5 32.Qa1 Bd6 33.Ra7 Qb8 34.Ra2 b4 35.Bb2 Nc5 36.Qe1 Kh7
37.Nd2 Rd8 38.Nc4 Bc7 39.Ra1 Rd7 40.Qe3 Nb7 41.Kh2 Bd6 42.Qe2 Rf7 43.Kh1 Nd7
44.Qg4 Rf4 45.Qe2 Bc5 46.Qd2 Qe8 47.Nxe5 Rxf2 48.Qxd7 Qxd7 49.Nxd7 Rxc2 50.Be5 Bf2
51.Nf8+ Kg8 52.Nxe6 Kf7 53.Nd4 Rd2 54.Ngf5 c5 55.Nf3 Rd7 56.Bxg7  1-0

[Event "Oberliga Ost B9798"]
[Site "Germany"]
[Date "1998.??.??"]
[Round "?.5"]
[White "Oumnov, Aleksei"]
[Black "Nill, Jessica"]
[Result "0-1"]
[WhiteElo "2255"]
[BlackElo "2140"]

1.e4 d6 2.d4 Nf6 3.Nc3 c6 4.Bg5 Qa5 5.Qd2 Nbd7 6.Nf3 e5 7.dxe5 dxe5 8.a3 Be7
9.Bc4 O-O 10.O-O Qc7 11.Bh4 Nc5 12.Rfe1 Bg4 13.Qe3 Ne6 14.Bg3 Bxf3 15.Bxe6 Bh5
16.Bb3 h6 17.h3 Nd7 18.Nd1 Bg5 19.Qc3 Bf4 20.Ne3 Bxg3 21.fxg3 Qb6 22.Kh2 Qc5
23.Qb4 b5 24.Nf5 a5 25.Qd2 Nf6 26.Nxh6+ Kh7 27.Nf5 Bg6 28.Rac1 a4 29.Ba2 Rad8
30.Qg5 Bxf5 31.Qxf5+ Kh8 32.Re2 Qe7 33.Rf1 Nh7 34.Qh5 g6 35.Qh6 Rd7 36.Ref2 Qg5
37.Qh4 Kg7 38.Re2 Rd4 39.c3 Rd3 40.c4 Rd4 41.Qxg5 Nxg5 42.cxb5 cxb5 43.Bd5 b4
44.h4 Nh7 45.axb4 Nf6 46.Bc6 Rxb4 47.Ra1 Rfb8 48.Rxa4 Rxb2 49.Ra2 Rxa2 50.Rxa2 Rb1
51.g4 Nxg4+ 52.Kh3 Nf6 53.Ra7 Rb3+  0-1

[Event "Oberliga Ost A9798"]
[Site "Germany"]
[Date "1998.??.??"]
[Round "?.4"]
[White "Rausch, Stephan"]
[Black "Braun, Gottfried"]
[Result "1/2-1/2"]
[WhiteElo "2350"]
[BlackElo "2325"]

1.d4 d6 2.e4 Nf6 3.Nc3 e5 4.dxe5 dxe5 5.Qxd8+ Kxd8 6.Bg5 Be7 7.O-O-O+ Nbd7
8.Bc4 Ke8 9.Nge2 c6 10.a4 Ng4 11.Bxe7 Kxe7 12.Rd2 Nb6 13.Bb3 a5 14.f4 exf4
15.Nxf4 Ne5 16.Rf1 Be6 17.Bxe6 fxe6 18.Nd3 Nbc4 19.Nxe5 Nxe5 20.Rdf2 Rhf8
21.h3 Rxf2 22.Rxf2 Rf8 23.Rxf8 Kxf8 24.b3 Ke7 25.Kd2 Kd6 26.Ne2 Nd7 27.Nd4 Nc5
28.Ke3 h6 29.g4 g6 30.h4 Nd7 31.Ne2 g5 32.hxg5 hxg5 33.Nd4 Ne5 34.Ke2 Nxg4
35.Nf3 b5 36.axb5 cxb5 37.Nxg5 Ne5 38.Kd2 Nd7 39.Kc3 Ne5 40.Kd2 Nc6 41.c3 b4
42.cxb4 axb4 43.Kd3 Na5 44.Kd4 e5+ 45.Kd3 Kc5 46.Ne6+ Kc6 47.Kc2 Kd6 48.Ng5 Kc5
49.Ne6+ Kb6 50.Nd8 Kb5 51.Nf7 Nc6 52.Kd2 Kc5 53.Kd3 Nd4 54.Nxe5 Nxb3  1/2-1/2

[Event "Bundesliga 9798"]
[Site "Germany"]
[Date "1998.??.??"]
[Round "?.4"]
[White "Hetey, Laszlo"]
[Black "Lorenz, Gerd"]
[Result "1-0"]
[WhiteElo "2345"]
[BlackElo "2305"]

1.d4 d6 2.e4 Nf6 3.Nc3 e5 4.Nf3 Nbd7 5.g3 Be7 6.Bg2 O-O 7.O-O c6 8.a4 Ne8
9.Be3 Nc7 10.a5 Bf6 11.Qd2 Qe7 12.Rfd1 Rd8 13.Rab1 exd4 14.Nxd4 Ne5 15.Qe2 Re8
16.h3 g6 17.b4 a6 18.Na4 Be6 19.Nb6 Rad8 20.c4 Na8 21.f4 Nd7 22.Nxa8 Rxa8
23.Qd3 Rad8 24.Nc2 Bg7 25.g4 Bf8 26.Qf1 f6 27.Qd3 g5 28.Qc3 gxf4 29.Bxf4 Ne5
30.Ne3 Qf7 31.Rbc1 h5 32.Bxe5 dxe5 33.Rf1 hxg4 34.hxg4 Bh6 35.Rf2 Rd7 36.Bf1 Qg6
37.Bg2 Red8 38.Bf1 Rg7 39.Re1 Bf4 40.b5 Qg5 41.Rg2 Rd4 42.bxa6 bxa6 43.Qb3 Rxe4
44.Qb8+ Kh7 45.Bd3 f5 46.Bxe4 Bxe3+ 47.Kh1 Bf4 48.Ree2 fxe4 49.Rh2+ Kg6 50.Qe8+ Bf7
51.Qxc6+ Qf6 52.Qxe4+ Kg5 53.Rh8 Rg8 54.Rxg8+ Bxg8 55.c5 Qh6+ 56.Kg1 Bh7
57.Qd5 Qh3 58.Qd8+ Kxg4 59.Rg2+ Kf3 60.Qd5+ Be4 61.Qd1+  1-0

[Event "Bundesliga 9798"]
[Site "Germany"]
[Date "1998.??.??"]
[Round "?.4"]
[White "Kraut, Rainer"]
[Black "Lorenz, Gerd"]
[Result "1/2-1/2"]
[WhiteElo "2470"]
[BlackElo "2305"]

1.e4 d6 2.d4 Nf6 3.Nc3 e5 4.Nf3 Nbd7 5.Bc4 Be7 6.O-O O-O 7.Re1 c6 8.a4 b6
9.d5 cxd5 10.Nxd5 Bb7 11.b3 Rc8 12.Re2 Nxd5 13.Bxd5 Ba6 14.c4 Nf6 15.Ne1 Qd7
16.Nd3 Nxd5 17.exd5 f5 18.f4 e4 19.Nb4 Bb7 20.Bb2 Qc7 21.Qd2 Rce8 22.Bd4 Bf6
23.Nc2 Bc8 24.a5 Bxd4+ 25.Nxd4 Bd7 26.Re3 Qc5 27.axb6 axb6 28.Ra7 Rf7 29.Kf1 h6
30.h4 Kh7 31.Qc3 b5 32.Ra5 Rb8 33.Rg3 Re7  1/2-1/2